Apología de la polémica
Furkejuvvon:
| Váldodahkki: | |
|---|---|
| Materiálatiipa: | Dovdameahttun |
| Giella: | eaŋgalasgiella |
| Almmustuhtton: |
Ciudad Autónoma de Buenos Aires, Argentina:
Prometeo Libros,
2017
|
| Preanttus: | 1a.ed. |
| Fáttát: | |
| Fáddágilkorat: |
Lasit fáddágilkoriid
Eai fáddágilkorat, Lasit vuosttaš fáddágilkora!
|
MARC
| LEADER | 00000 a2200000 4500 | ||
|---|---|---|---|
| 003 | CL-VaPUC | ||
| 005 | 20231128114036.0 | ||
| 008 | 220120b2018 ||||| |||| 00| 0 eng d | ||
| 999 | |c 433935 |d 433933 | ||
| 020 | |a 978-9875748422 | ||
| 040 | |c Pontificia Universidad Católica de Valparaíso | ||
| 082 | 7 | |a 303.342 AMO 2017 |2 22 | |
| 100 | |a Amossy, Ruth |9 485992 |e autora | ||
| 245 | |a Apología de la polémica | ||
| 250 | |a 1a.ed. | ||
| 260 | |a Ciudad Autónoma de Buenos Aires, Argentina: |b Prometeo Libros, |c 2017 | ||
| 300 | |a 215 páginas | ||
| 583 | |k Cristina María Rojas Aguilar |c 20220120 | ||
| 650 | 0 | |a Análisis del discurso |9 256696 | |
| 942 | |2 ddc |c BK | ||
| 952 | |0 0 |1 0 |2 ddc |4 0 |6 303_342000000000000_AMO_2017 |7 0 |8 A |9 580466 |a BIBEDU |b BIBEDU |c GEN |d 2022-01-12 |e 3 |g 13010.00 |i 5637384 |l 1 |o 303.342 AMO 2017 |p 5637384 |r 2022-04-28 |s 2022-04-28 |t 1 |v 13010.00 |w 2022-01-12 |y BK |k LIT | ||